000 00352nam a2200133Ia 4500
008 240624s9999 xx 000 0 und d
041 _aeng
082 _a658.314 PHI
100 _aPHILLIPS JACK J
245 _aMANAGING EMPLOYEE RETENTION A STRATEGIC
260 _c2003
_aNew York
_bElsevier
300 _axviii, : 355 : p. : cm. ; 25
365 _cBPS
_b28
999 _c7385
_d7385